000 00996nam a2200313Ia 4500
003 OSt
005 20221007124548.0
006 a|||||r|||| 00| 0
007 ta
008 221006b |||||||| |||| 00| 0 eng d
020 _a9780854044665 (hbk)
024 _a192978
037 _b302, 13/02/2015, Vardhman Books
_cTextual
040 _aCDL
_cCDL
_beng
041 _2eng
_aeng
082 _aE:283, P7 Carc
100 _aPethrick Richard A
_9719622
245 0 _aPolymer structure characterization: from nano to macro organization
250 _a2
260 _aUK
_bRSC
_c2007
300 _axvii, 334p. ill.
_ccm.
500 _aIndex 321-334p.
650 _a Molecular surfaces
_9719623
650 _a Plastic crystals
_9719624
650 _a Polymer crystal growth
_9719625
650 _aLiquid crystalline state of matter
_9719626
942 _hE:283, P7 Carc
_cTEXL
_2CC
999 _c1213735
_d1213735